Primer Congreso de Diseño Gràfico y Comunicación Visual : Ponencias Ponencias
Publicado:
[s.l.] :
ADGFAD, Agrupació de Directors d'Art, Dissenyadors Gràfics i Il·lustradors, DL 1989
Descripción Física:
197 p. ; 30 cm
Materias:
Grafisme -- Congressos
MARC
| LEADER | 00000nam a2200000Ia 4500 | ||
|---|---|---|---|
| 001 | 16971 | ||
| 003 | BGR | ||
| 005 | 20260324175646.0 | ||
| 008 | 160829s9999 xx 000 0 cat d | ||
| 080 | |a B-2-77 | ||
| 100 | |a Congreso de Diseño Gráfico y Comunicación Visual (1r : 1987 : Menorca) |9 36989 | ||
| 245 | |a Primer Congreso de Diseño Gràfico y Comunicación Visual : |b Ponencias | ||
| 260 | |a [s.l.] : |b ADGFAD, Agrupació de Directors d'Art, Dissenyadors Gràfics i Il·lustradors, DL 1989 | ||
| 300 | |a 197 p. ; |c 30 cm | ||
| 590 | |a A la part inferior de la portada : Patrocina la Diputació de Barcelona | ||
| 650 | |a Grafisme |x Congressos |9 36990 | ||
| 710 | 1 | |a Barcelona (Catalunya : Província). |b Diputació |9 52408 | |
| 710 | 2 | |a Agrupació FAD de Directoris d'Art, Dissenyadors Gràfics i Il·lustradors |9 70117 | |
| 901 | |a Arxiu | ||
| 942 | |n 1 |2 udc |c MON | ||
| 952 | |0 0 |1 0 |4 0 |6 B277 |7 1 |9 47596 |a Arxiu |b Arxiu |d 2016-12-01 |l 0 |o B-2-77 |p 16971 |r 2016-12-01 00:00:00 |w 2016-12-01 |y ARXIU | ||
| 999 | |c 51395 |d 51395 | ||